000 00646nam a2200229Ia 4500
003 OSt
005 20220925210400.0
006 a|||||r|||| 00| 0
007 ta
008 220923b |||||||| |||| 00| 0 eng d
037 _cGeneral Book
040 _aRTL
_cRTL
_beng
041 _2eng
_aeng
082 _aX724.2.N96, N6/GD
110 _aINDIA, (Govt. of-).
245 0 _aMemorandum explaining the provisions in the finance bill, 1996.
260 _aIndia
_bGovt. of India.
_c1996
300 _a19p.
_ccm.
700 _aINDIA, (Govt. of-).
942 _hX724.2.N96, N6/GD
_cGB
_2CC
999 _c554919
_d554919